Library of the University of Algiers 3
Ibrahim Sultan Cheibout
شعار جامعة الجزائر 3
مكتبة جامعة الجزائر 3
إبراهيم سلطان شيبوط

المناقصات والمزايدات : (رقم التسجيلة. 45733)

تفاصيل مارك
000 -LEADER
fixed length control field 01405nam a2200217Ia 4500
003 - CONTROL NUMBER IDENTIFIER
control field Ost
005 - DATE AND TIME OF LATEST TRANSACTION
control field 20260507075657.0
008 - FIXED-LENGTH DATA ELEMENTS--GENERAL INFORMATION
fixed length control field 260507s9999||||xx |||||||||||||| ||und||
040 ## - CATALOGING SOURCE
Transcribing agency fsecg
041 ## - LANGUAGE CODE
Language code of text/sound track or separate title ara
082 ## - DEWEY DECIMAL CLASSIFICATION NUMBER
Classification number 343.620721
100 ## - MAIN ENTRY--PERSONAL NAME
Personal name طنطاوي، ممدوح
Relator term مؤلف
245 #0 - TITLE STATEMENT
Title المناقصات والمزايدات :
Remainder of title القانون واللائحة التنفيذية وأحكام المحاكم /
Statement of responsibility, etc. ممدوح طنطاوي
260 ## - PUBLICATION, DISTRIBUTION, ETC.
Place of publication, distribution, etc. الاسكندرية:
Name of publisher, distributor, etc. المكتب الجامعي الحديث,
Date of publication, distribution, etc. 2005
300 ## - PHYSICAL DESCRIPTION
Extent 594 صفحة؛
Other physical details إيضاحات ؛
Dimensions 24 سم
520 ## - SUMMARY, ETC.
Summary, etc. العقود الادارية، أحكام المسؤولية، مواد الاصدار، طرق التعاقد في مجالات شراء المنقولات ومقاولات الأعمال وتلقي الخدمات والدراسات الاستشارية والأعمال الفنية، شراء واستئجار العقارات، بيع وتأجير العقارات والمنقولات والمشروعات والترخيص بالانتفاع أو باستغلال العقارات بما في ذلك المنشآت السياسية والمقاصف، في الأحكام العامة.
653 ## - INDEX TERM--UNCONTROLLED
Uncontrolled term المزايدات- قوانين و تشريعات- مصر
653 ## - INDEX TERM--UNCONTROLLED
Uncontrolled term المزيدات- قوانين و تشريعات- مصر
653 ## - INDEX TERM--UNCONTROLLED
Uncontrolled term المناقصات
942 ## - ADDED ENTRY ELEMENTS (KOHA)
Koha item type كتب

لا توجد مواد متاحة.

موارد الويب المفتوحة


© University of Algiers 3 All Rights Reserved
|
Implemented by LECHELAH Riad